| 000 | 00434nam a22001697a 4500 | ||
|---|---|---|---|
| 003 | OSt | ||
| 005 | 20211115090836.0 | ||
| 008 | 211115b |||||||| |||| 00| 0 eng d | ||
| 020 | _a0-412-35660-0 | ||
| 040 | _cHawassa University | ||
| 050 |
_a641.3/MAR _b6 |
||
| 082 |
_a641.3/MAR _b6 |
||
| 100 |
_aMark,,John _918233 |
||
| 245 | _aThe Food Industries V-XXVIII | ||
| 260 |
_aNew York _bChapman and Hall _c1993 |
||
| 942 |
_2ddc _cBOOKS _n0 |
||
| 999 |
_c18101 _d18101 |
||